000 00322nam a2200133Ia 4500
005 20251222143243.0
008 251222s9999||||xx |||||||||||||| ||spa||
082 _a480/D35
100 _aDe Lezama y Urrutia, Yosu
245 0 _aIntroducción a las Lenguas Clásicas
250 _a4a.ed.
264 _bUsta
942 _cLIB
999 _c14641
_d14641